000 00732nam a2200205 a 4500
001 000014195
005 20220425123923.0
008 091207s2008 ck d 000 0 spa d
020 _a9789588307398 (mayol ediciones)
040 _aDO-SdBNP
_bspa
_cBNPHU
245 0 0 _aAgricultura para el desarrollo /
_ctraducción Ricardo Argüello, Ignacio Caviedes.
260 _aBogotá, Colombia :
_bBanco Mundial
_bMayol Ediciones,
_c2008.
300 _axi, 301 p. :
_bdiagr. ;
_c27 cm.
500 _aTextos en dos columnas
590 _aInventariado, 2019/ YL
700 1 2 _aArgüello, Ricardo
_etrad.
_932069
700 1 2 _aCaviedes, Ignacio
_etrad.
_932070
710 2 _aBanco Mundial
_932071
710 2 _aMundi-Prensa y Mayol Ediciones
_932072
999 _c13796
_d13796